Circuitos electrónicos: discretos e integrados

Guardat en:
Dades bibliogràfiques
Autors principals: Schilling, Donald L (Autor), Belove, Charles (Autor)
Format: Llibre
Idioma:espanyol
Publicat: Madrid Mcgraw-Hill 1993
Edició:3a. ed
Matèries:
Etiquetes: Afegir etiqueta
Sense etiquetes, Sigues el primer a etiquetar aquest registre!

MARC

LEADER 00000nam a2200000 a 4500
001 UCY1229
003 CL-VaPUC
008 940824e19930000SP |||||||||||||||||spa|d
082 0 4 |a 621.381  |b SCH  |2 21 
100 0 |a Schilling, Donald L  |e author  |9 329168 
700 0 |a Belove, Charles  |e author  |9 329169 
245 1 0 |a Circuitos electrónicos: discretos e integrados 
250 |a 3a. ed 
300 |a 963 p 
942 |c BK 
945 |d 19940824 00:00:00  |a mfernand 
260 |a Madrid  |b Mcgraw-Hill  |c 1993 
650 0 |a Circuitos electrónicos  |9 260204 
650 0 |a Circuitos integrados   |9 260673 
583 |a last modification  |c 19940824 00:00:00  |k Rodrigo Vera 
999 |c 230001  |d 229999 
952 |0 0  |1 0  |4 0  |6 621_381000000000000_SCH_1993  |7 0  |8 A  |9 231810  |a BIBING  |b BIBING  |d 2019-11-15  |i 315808K  |o 621.381 SCH 1993  |p 315808K  |r 2025-01-20  |w 2019-11-15  |y BK  |k EIE 
952 |0 0  |1 0  |4 0  |6 621_381000000000000_SCH_1993  |7 0  |8 A  |9 231811  |a BIBING  |b BIBING  |d 2019-11-15  |i 3503631  |o 621.381 SCH 1993  |p 3503631  |r 2025-01-20  |w 2019-11-15  |y BK  |k ING 
952 |0 0  |1 0  |4 0  |6 621_381000000000000_SCH_1993  |7 0  |8 A  |9 231812  |a BIBCUR  |b BIBCUR  |d 2019-11-15  |i 204918K  |o 621.381 SCH 1993  |p 204918K  |r 2025-04-22  |w 2019-11-15  |y BK  |k FIS